El nuevo humanismo y las fronteras de la ciencia /

Zapisane w:
Opis bibliograficzny
1. autor: Brockman, John (ed.)
Kolejni autorzy: Pániker, Salvador (introducción) (introducción)
Format: Książka
Język:hiszpański
Wydane: Barcelona, España : Kairós, 2007, c2007
Seria:(Nueva Ciencia Kairós)
Hasła przedmiotowe:
Etykiety: Dodaj etykietę
Nie ma etykietki, Dołącz pierwszą etykiete!

MARC

LEADER 00000nam^a2200000^a^4500
001 000318492
005 20250521000000.0
009 20260310113413.973
020 |a 978-84-7245-644-0 
037 |a Acervo Xavier Clavigero 
041 |a ESP 
082 |a 121.  |b BRO 
100 |a Brockman, John  |e (ed.) 
245 1 3 |a El nuevo humanismo y las fronteras de la ciencia /  |c Ed. de J. Brockman ; introd. de S. Pániker ; tr. por Elsa Gómez. 
264 4 |a Barcelona, España :  |b Kairós,  |c 2007, c2007 
300 |a 486 p. 
336 |a texto  |b txt  |2 rdacontenido 
337 |a sin mediación  |b n  |2 rdamedio 
338 |a volumen  |b nc  |2 rdasoporte 
440 1 |a (Nueva Ciencia Kairós) 
500 |a Traducción de: The New Humanists. Science At the Edge 
649 |a XX 
650 |a Hombre 
650 |a Universo en Expansión 
650 |a Ciencia y Humanidades -  |x Tema Principal 
650 |a Epistemología -  |x Tema Principal 
650 |a Ciencia -  |x Teoría 
700 |a Pániker, Salvador  |e (introducción) 
910 |a Fondo General 
920 |a Impresos - Libros 
930 |a Colección General 
905 |a 101 
901 |a 0500205630  |b IT1  |c ACC  |i FXC C943  |u 20250521 
902 |a https://opac.biblio.iteso.mx/vufind/Record/000318492